000 00709nam a2200181Ia 4500
003 GCL
008 140319s9999 xx 000 0 ara d
040 _aGCL /
_cGCL
082 0 4 _a953.001
_bب و
100 1 _aبالجريف، وليام جيفورد
245 1 0 _aوسط الجزيرة العربية وشرقها(1862- 1863) /
_cبالجريف، وليام جيفورد
260 _aالقاهرة :
_bالمجلس الاعلى للثقافة ،
_c2001
300 _a2 نسخة ؛
_c24 سم
650 0 4 _aالعالم العربى - تاريخ
650 0 4 _aشبه الجزيرة العربية - تاريخ
650 0 4 _aالعالم العربى - الاحوال السياسية
942 _2ddc
_cBK
999 _c5127
_d5127